[Event "8th Norway Chess 2020"]
[Site "Stavanger NOR"]
[Date "2020.10.05"]
[Round "1.1"]
[White "Aronian, Levon"]
[Black "Carlsen, Magnus"]
[Result "1/2-1/2"]
[WhiteTitle "GM"]
[BlackTitle "GM"]
[WhiteElo "2767"]
[BlackElo "2863"]
[WhiteFideId "13300474"]
[BlackFideId "1503014"]
[EventDate "2020.10.05"]

1. d4 Nf6 2. c4 e6 3. Nf3 d5 4. Nc3 Bb4 5. e3 O-O 6. Bd2 b6 7. cxd5 exd5 8. Rc1
Re8 9. Bd3 Ba6 10. Bxa6 Nxa6 11. O-O Bf8 12. Ne2 Qc8 13. Qa4 c5 14. Ng3 Qb7 15.
dxc5 Nxc5 16. Qb5 Rac8 17. Rfd1 a6 18. Qf1 Nfe4 19. Be1 g6 20. Ne2 Na4 21. Rb1
Bg7 22. Nfd4 Nac5 23. Nf3 Ne6 24. Ned4 Nxd4 25. Nxd4 Rc4 26. b3 Rc7 27. Qd3 Nc5
28. Qd2 Ne4 29. Qd3 Nc5 30. Qd2 Ne4 1/2-1/2

[Event "8th Norway Chess 2020"]
[Site "Stavanger NOR"]
[Date "2020.10.05"]
[Round "1.2"]
[White "Tari, Aryan"]
[Black "Caruana, Fabiano"]
[Result "0-1"]
[WhiteTitle "GM"]
[BlackTitle "GM"]
[WhiteElo "2633"]
[BlackElo "2828"]
[WhiteFideId "1510045"]
[BlackFideId "2020009"]
[EventDate "2020.10.05"]

1. e4 c5 2. Nf3 e6 3. d4 cxd4 4. Nxd4 Nc6 5. Nc3 Qc7 6. g3 a6 7. Bg2 Nf6 8. O-O
Nxd4 9. Qxd4 Bc5 10. Bf4 d6 11. Qd2 h6 12. Rad1 e5 13. Be3 Bxe3 14. fxe3 Be6 15.
Qxd6 Rc8 16. a4 h5 17. h3 Qxd6 18. Rxd6 Nd7 19. h4 Ke7 20. Rd2 Nb6 21. Nd5+ Bxd5
22. exd5 Nc4 23. Re2 Nd6 24. e4 a5 25. Ra1 Rc4 26. c3 f6 27. Re3 Rhc8 28. Kf2 g5
29. Bf3 g4 30. Bg2 R4c5 31. Bf1 f5 32. exf5 Rxd5 33. Rd3 Rcc5 34. Rad1 Rxd3 35.
Bxd3 e4 36. Be2 Nxf5 37. Bb5 Nd6 38. Be2 Ke6 39. Rc1 Ke5 40. Rd1 Rc7 41. Kg2 b6
42. Ba6 Rf7 43. Be2 Rf8 44. Rb1 Nf5 45. b4 Ne3+ 46. Kg1 Nd5 47. Rb3 Rc8 48. bxa5
bxa5 49. c4 Nb4 50. Rb1 Kd4 51. Bf1 Nd3 52. Rb5 Rc5 53. Bxd3 exd3 54. Kf2 Kxc4
55. Rb1 Re5 0-1

[Event "8th Norway Chess 2020"]
[Site "Stavanger NOR"]
[Date "2020.10.06"]
[Round "2.3"]
[White "Aronian, Levon"]
[Black "Tari, Aryan"]
[Result "1-0"]
[WhiteTitle "GM"]
[BlackTitle "GM"]
[WhiteElo "2767"]
[BlackElo "2633"]
[WhiteFideId "13300474"]
[BlackFideId "1510045"]
[EventDate "2020.10.05"]

1. e4 e5 2. Nf3 Nc6 3. Bb5 a6 4. Ba4 Nf6 5. O-O Be7 6. Re1 b5 7. Bb3 O-O 8. c3
d5 9. exd5 Nxd5 10. Nxe5 Nxe5 11. Rxe5 c6 12. Re1 Bd6 13. g3 Bf5 14. d4 Qf6 15.
Be3 Qg6 16. Nd2 Rae8 17. Qf3 Bg4 18. Qg2 Qh5 19. h4 Be2 20. Nf1 Re6 21. Bd2 Rfe8
22. a4 Bf3 23. Rxe6 Rxe6 24. Qh3 Bg4 25. Qh2 h6 26. axb5 axb5 27. Ne3 Bf3 28.
Qh3 Be4 29. Qg4 Qxg4 30. Nxg4 f5 31. Ne5 Bxe5 32. dxe5 Kf8 33. f4 Re7 34. Bxd5
cxd5 35. Be3 Rc7 36. Ra5 Bd3 37. Bd4 Rc6 38. Kf2 h5 39. Ke3 Bc4 40. Ra3 Rg6 41.
b3 Bf1 42. Bc5+ Ke8 43. Bb4 Bg2 44. Kd4 Rc6 45. Ra7 g6 46. Re7+ Kd8 47. e6 Rc7
48. Rf7 1-0

[Event "8th Norway Chess 2020"]
[Site "Stavanger NOR"]
[Date "2020.10.07"]
[Round "3.1"]
[White "Tari, Aryan"]
[Black "Carlsen, Magnus"]
[Result "0-1"]
[WhiteTitle "GM"]
[BlackTitle "GM"]
[WhiteElo "2633"]
[BlackElo "2863"]
[WhiteFideId "1510045"]
[BlackFideId "1503014"]
[EventDate "2020.10.05"]

1. e4 c5 2. Nf3 Nc6 3. d4 cxd4 4. Nxd4 Nf6 5. Nc3 d6 6. Bg5 Bd7 7. Qd2 a6 8.
O-O-O e6 9. f4 Be7 10. Nf3 b5 11. Bxf6 gxf6 12. Kb1 Qb6 13. f5 O-O-O 14. Bd3 Kb8
15. Ne2 Bc8 16. Nf4 Ne5 17. Be2 d5 18. exd5 exf5 19. Nd4 Bc5 20. Rhf1 Rhe8 21.
a3 Ka8 22. h3 Bd7 23. Nh5 Nc4 24. Bxc4 bxc4 25. Qc3 Rb8 26. Rf3 Re1 27. Rxe1
Bxd4 28. Qb4 Qc7 29. d6 Qc6 30. Qa5 Bxb2 31. Ka2 Be5 32. Rb1 Rxb1 33. Kxb1 Qxd6
34. Kc1 Qd4 35. Qxa6+ Kb8 36. c3 Qg1+ 37. Kd2 Qxg2+ 38. Ke3 f4+ 39. Nxf4 Bxf4+
40. Rxf4 Qg3+ 41. Rf3 Qe1+ 42. Kd4 Qe5+ 43. Kxc4 Qe4+ 44. Kc5 Qxf3 45. Kd6 Bc8 0-1

[Event "8th Norway Chess 2020"]
[Site "Stavanger NOR"]
[Date "2020.10.08"]
[Round "4.1"]
[White "Carlsen, Magnus"]
[Black "Caruana, Fabiano"]
[Result "1-0"]
[WhiteTitle "GM"]
[BlackTitle "GM"]
[WhiteElo "2863"]
[BlackElo "2828"]
[WhiteFideId "1503014"]
[BlackFideId "2020009"]
[EventDate "2020.10.05"]

1. d4 Nf6 2. c4 e6 3. Nc3 Bb4 4. Qc2 O-O 5. a3 Bxc3+ 6. Qxc3 d5 7. Bg5 dxc4 8.
Qxc4 b6 9. Rd1 Ba6 10. Qa4 h6 11. Bh4 Qd7 12. Qc2 Qc6 13. Qxc6 Nxc6 14. Bxf6
gxf6 15. e3 Bxf1 16. Kxf1 Na5 17. Nf3 Nc4 18. Rb1 c5 19. Ke2 Rfc8 20. Rhc1 Nd6
21. dxc5 bxc5 22. Rc2 Kf8 23. Nd2 c4 24. Rbc1 Rab8 25. Kf3 c3 26. bxc3 Rc5 27.
c4 f5 28. Ke2 Ke7 29. Kd3 Kd7 30. Rc3 Rc6 31. c5 Ne8 32. Nf3 Ra6 33. Ne5+ Ke7
34. Ke2 Nf6 35. R1c2 Nd5 36. Rd3 Rc8 37. Rb3 Rc7 38. Rc4 Ra5 39. Nd3 e5 40. Nxe5
Raxc5 41. Rxc5 Rxc5 42. Rb7+ Ke6 43. Nxf7 Ra5 44. Nd8+ Kd6 45. Rb3 Ra6 46. Nf7+
Kc5 47. Ne5 h5 48. Kd2 h4 49. Nd3+ Kc4 50. Kc2 Rd6 51. Nf4 1-0

[Event "8th Norway Chess 2020"]
[Site "Stavanger NOR"]
[Date "2020.10.10"]
[Round "5.2"]
[White "Caruana, Fabiano"]
[Black "Aronian, Levon"]
[Result "0-1"]
[WhiteTitle "GM"]
[BlackTitle "GM"]
[WhiteElo "2828"]
[BlackElo "2767"]
[WhiteFideId "2020009"]
[BlackFideId "13300474"]
[EventDate "2020.10.05"]

1. d4 Nf6 2. c4 e6 3. Nc3 Bb4 4. f3 c5 5. d5 b5 6. e4 d6 7. Bd2 Bxc3 8. Bxc3 b4
9. Bd2 O-O 10. Ne2 Nh5 11. Be3 f5 12. dxe6 Bxe6 13. exf5 Rxf5 14. Qd2 Nd7 15.
O-O-O Qa5 16. Kb1 Bxc4 17. Nc1 Bf7 18. Qxd6 Nhf6 19. Qc6 Re8 20. Bf2 Nb8 21. Qb5
c4 22. Qxa5 Rxa5 23. Rd4 Rc8 24. b3 Nc6 25. Rxc4 Bxc4 26. Bxc4+ Kh8 27. Rd1 Re5
28. Rd6 Ne8 29. Rd2 Nc7 30. Ne2 Nb5 31. Kb2 Na3 32. Ba6 Rd8 33. Rxd8+ Nxd8 34.
Kc1 Ne6 35. Bd3 Nc5 36. Kd2 Nxd3 37. Kxd3 Rd5+ 38. Nd4 Rd7 39. g4 a5 40. Bg3 Kg8
41. Be5 g5 42. Ke4 Nb1 43. Kf5 Nc3 44. Nc6 Rd3 45. Ke6 Nxa2 46. Nxa5 Rxf3 47.
Bd6 Rd3 48. Nc6 Re3+ 49. Kf6 Rxb3 50. Nd4 Rh3 51. Nf5 b3 52. Ba3 Rxh2 0-1

[Event "8th Norway Chess 2020"]
[Site "Stavanger NOR"]
[Date "2020.10.11"]
[Round "6.2"]
[White "Aronian, Levon"]
[Black "Caruana, Fabiano"]
[Result "0-1"]
[WhiteTitle "GM"]
[BlackTitle "GM"]
[WhiteElo "2767"]
[BlackElo "2828"]
[WhiteFideId "13300474"]
[BlackFideId "2020009"]
[EventDate "2020.10.05"]

1. e4 c5 2. Nf3 e6 3. c3 d5 4. exd5 Qxd5 5. d4 Nf6 6. Na3 Nc6 7. Be3 cxd4 8. Nb5
Qd7 9. Nbxd4 a6 10. Bd3 Bd6 11. O-O Ne7 12. Qc2 O-O 13. Bg5 Ng6 14. Rad1 Qc7 15.
Rfe1 Bd7 16. g3 Rfe8 17. Bxf6 gxf6 18. h4 Kh8 19. Qd2 Bf8 20. h5 Ne7 21. Bc2
Red8 22. Qd3 f5 23. g4 f6 24. g5 Qf4 25. gxf6 Qg4+ 26. Kf1 Qh3+ 27. Ke2 Nd5 28.
Qd2 Bb5+ 29. Nxb5 Qg4 30. Qg5 Nf4+ 31. Ke3 Ng2+ 32. Ke2 Qc4+ 33. Bd3 Rxd3 34.
Rxd3 Nf4+ 35. Ke3 Qe4+ 36. Kd2 Qxd3+ 37. Kc1 Qxf3 38. f7 Qg4 0-1

[Event "8th Norway Chess 2020"]
[Site "Stavanger NOR"]
[Date "2020.10.12"]
[Round "7.1"]
[White "Caruana, Fabiano"]
[Black "Carlsen, Magnus"]
[Result "1/2-1/2"]
[WhiteTitle "GM"]
[BlackTitle "GM"]
[WhiteElo "2828"]
[BlackElo "2863"]
[WhiteFideId "2020009"]
[BlackFideId "1503014"]
[EventDate "2020.10.05"]

1. e4 c5 2. Nf3 Nc6 3. Bb5 g6 4. O-O Bg7 5. c3 e5 6. d4 cxd4 7. cxd4 exd4 8. Bf4
a6 9. Ba4 Nge7 10. Bd6 b5 11. Bb3 Bb7 12. Re1 Nc8 13. e5 Nxd6 14. exd6+ Kf8 15.
h4 Bf6 16. Nbd2 Kg7 17. Bd5 Na5 18. Bxb7 Nxb7 19. Ne4 Re8 20. h5 Rc8 21. Rc1
Rxc1 22. Qxc1 h6 23. hxg6 fxg6 24. Qd2 d3 25. b4 Re6 26. Qxd3 Qb6 27. Rd1 Qc6
28. Nxf6 Rxf6 29. Ne5 Qc8 30. Qd5 Re6 31. Ng4 Kh7 32. Qd4 Qf8 33. Qa7 Rxd6 34.
Re1 Nd8 35. Ne5 Qe7 36. Nf3 Re6 37. Rd1 Rd6 38. Re1 Re6 39. Rd1 Rd6 1/2-1/2

[Event "8th Norway Chess 2020"]
[Site "Stavanger NOR"]
[Date "2020.10.13"]
[Round "8.1"]
[White "Carlsen, Magnus"]
[Black "Tari, Aryan"]
[Result "1-0"]
[WhiteTitle "GM"]
[BlackTitle "GM"]
[WhiteElo "2863"]
[BlackElo "2633"]
[WhiteFideId "1503014"]
[BlackFideId "1510045"]
[EventDate "2020.10.05"]

1. e4 e5 2. Nf3 Nc6 3. Bb5 a6 4. Ba4 Nf6 5. O-O Be7 6. d3 b5 7. Bb3 d6 8. a4 Bd7
9. c3 Na5 10. Ba2 c5 11. Bg5 O-O 12. Nbd2 Rb8 13. axb5 axb5 14. Re1 b4 15. Nc4
Nxc4 16. Bxc4 bxc3 17. bxc3 Qc7 18. Qc2 Bb5 19. Bxb5 Rxb5 20. Bxf6 Bxf6 21. Nd2
Qc6 22. Qa4 Rfb8 23. Nc4 Be7 24. g3 Qc8 25. Qd1 g6 26. Kg2 Bf8 27. Qf3 Rb3 28.
Rec1 Qe6 29. Ra7 R8b7 30. Rxb7 Rxb7 31. Ra1 h5 32. Ra8 Kg7 33. Ne3 Rc7 34. Nd5
Rc8 35. Ra7 Rb8 36. h3 Rd8 37. g4 hxg4 38. hxg4 Rd7 39. Ra8 f6 40. g5 f5 41. Qh3
Rf7 42. Re8 Qxe8 43. Qh6+ Kg8 44. Qxg6+ Kh8 45. Nf6 1-0

[Event "8th Norway Chess 2020"]
[Site "Stavanger NOR"]
[Date "2020.10.15"]
[Round "9.2"]
[White "Tari, Aryan"]
[Black "Aronian, Levon"]
[Result "1/2-1/2"]
[WhiteTitle "GM"]
[BlackTitle "GM"]
[WhiteElo "2633"]
[BlackElo "2767"]
[WhiteFideId "1510045"]
[BlackFideId "13300474"]
[EventDate "2020.10.05"]

1. e4 c6 2. d4 d5 3. exd5 cxd5 4. Bd3 Nf6 5. h3 g6 6. Nf3 Bf5 7. Be2 Nbd7 8. O-O
e6 9. Bf4 Qb6 10. b3 g5 11. Bxg5 Ne4 12. Bh4 Rg8 13. Kh1 e5 14. dxe5 Qg6 15. Rg1
Bc5 16. Qe1 Rc8 17. Nbd2 Qb6 18. Nxe4 dxe4 19. Nh2 Nxe5 20. Rd1 Qh6 21. Bg3 Rxg3
22. fxg3 Bxg1 23. Qxg1 Qb6 24. Qf1 Bg6 25. Qf4 f6 26. Ng4 Nxg4 27. Bxg4 Rd8 28.
Rf1 Qd6 29. Qh6 Qe5 30. Qg7 Qe7 31. Qg8+ Qf8 32. Qc4 Qe7 33. Qg8+ Qf8 34. Qc4
Qe7 35. Bf5 Kf8 36. Qc3 Kg7 37. Qe3 Rd5 38. g4 b5 39. Rf4 Re5 40. c4 bxc4 41.
bxc4 a5 42. h4 Bxf5 43. gxf5 h5 44. Rf1 Kh7 45. Qe2 Qe8 46. Qe3 Qe7 47. Rf2 Qc5
48. Qxc5 Rxc5 49. Rc2 e3 50. Kg1 1/2-1/2

[Event "8th Norway Chess 2020"]
[Site "Stavanger NOR"]
[Date "2020.10.16"]
[Round "10.1"]
[White "Carlsen, Magnus"]
[Black "Aronian, Levon"]
[Result "0-1"]
[WhiteTitle "GM"]
[BlackTitle "GM"]
[WhiteElo "2863"]
[BlackElo "2767"]
[WhiteFideId "1503014"]
[BlackFideId "13300474"]
[EventDate "2020.10.05"]

1. Nf3 d5 2. d4 Nf6 3. c4 e6 4. Nc3 Be7 5. cxd5 exd5 6. Bf4 c6 7. Qc2 g6 8. e3
Bf5 9. Bd3 Bxd3 10. Qxd3 Nbd7 11. h4 a5 12. Kf1 a4 13. a3 Qb6 14. Qc2 h5 15. Bg5
O-O 16. Ne5 Rfe8 17. Bxf6 Nxf6 18. Rh3 Qb3 19. Qb1 Ne4 20. Nxe4 dxe4 21. Qxe4
Bd6 22. Rg3 Bxe5 23. dxe5 Qb5+ 24. Kg1 Rxe5 25. Qd4 Rd5 26. Qf6 Rf5 27. Qd4 Qe2
28. e4 Rb5 29. Rb1 Qc2 30. Qd3 Rc5 31. Qxc2 Rxc2 32. b3 b5 33. Rd3 axb3 34.
Rbxb3 Ra4 35. Rdc3 Rc4 36. Rxc2 Rxc2 37. f3 Kf8 38. Kh2 Ke7 39. Kh3 Ke6 40. Rd3
Rc4 41. Kg3 Ke5 42. Rd7 Rc3 43. Ra7 f6 44. Ra8 Kd6 45. Kf4 Kc7 46. g4 Kb7 47.
Rg8 hxg4 48. fxg4 Rxa3 49. Rxg6 b4 50. Rxf6 b3 51. Rf7+ Kb6 52. Rf8 Ra7 53. Rb8+
Rb7 54. Rd8 c5 55. Ke3 c4 56. Rd1 c3 57. Rb1 Kc5 58. Kd3 0-1

[Event "8th Norway Chess 2020"]
[Site "Stavanger NOR"]
[Date "2020.10.16"]
[Round "10.3"]
[White "Caruana, Fabiano"]
[Black "Tari, Aryan"]
[Result "1/2-1/2"]
[WhiteTitle "GM"]
[BlackTitle "GM"]
[WhiteElo "2828"]
[BlackElo "2633"]
[WhiteFideId "2020009"]
[BlackFideId "1510045"]
[EventDate "2020.10.05"]

1. e4 e5 2. Nf3 Nc6 3. Bb5 a6 4. Ba4 Nf6 5. O-O Be7 6. Re1 b5 7. Bb3 O-O 8. a4
b4 9. a5 d6 10. c3 Rb8 11. Bc4 d5 12. exd5 Nxd5 13. h3 h6 14. d4 bxc3 15. Nxc3
Be6 16. Nxe5 Nxe5 17. Bxd5 Bxd5 18. Rxe5 Bb3 19. Qg4 Be6 20. Rxe6 fxe6 21. Bxh6
Rf7 22. Be3 Rxb2 23. Qxe6 Bg5 24. Bxg5 Qxg5 25. Ne4 Qf5 26. d5 Qxe6 27. dxe6 Rf5
28. Rd1 Rb8 29. h4 Re8 30. Ng5 Rxa5 31. Rd7 c6 32. f4 Rd5 33. Ra7 Rd4 34. f5
Rxh4 35. Rxa6 Rh5 36. Ne4 Rxf5 37. Nd6 Rff8 38. Nxe8 Rxe8 39. Rxc6 Kh7 40. Kf2
Kg6 41. Kf3 Kf6 42. Kf4 Rxe6 43. Rxe6+ Kxe6 44. Kg5 Kf7 45. g3 Kf8 46. Kg6 Kg8
47. g4 Kh8 48. Kf7 Kh7 49. g5 Kh8 50. g6 1/2-1/2